000 00296nam a2200109Ia 4500
005 20260328101514.0
008 260328s9999||||xx |||||||||||||| ||und||
245 0 _aCasas :
_b Los PaĆ­ses Bajos 1946-1952 /
260 _bNetherlands Government Information Services
650 _aVIVIENDA
942 _cBK
999 _c9310
_d9310